|
|
|
|
| LEADER |
00000cam a2200000 a 4500 |
| 001 |
vtls001398143 |
| 003 |
SK-MaSNL |
| 005 |
20260301161806.0 |
| 008 |
251113s1999 xo ab r 00000 slo |
| 015 |
|
|
|a SNBE2000/04-01989
|
| 020 |
|
|
|a 8080561095
|
| 035 |
|
|
|a SNK000352567
|
| 040 |
|
|
|a SNK
|b slo
|c SNK
|e AACR2
|
| 041 |
0 |
|
|a slo
|
| 044 |
|
|
|a xo
|c SK
|
| 080 |
|
|
|a 908.437.622(083.9)
|2 1981
|
| 245 |
0 |
0 |
|a Cechynce
|b pozoruhodnosti
|c [text: Alexander Reško, Vendelín Száraz] ; foto: Á. Szénássy
|
| 260 |
|
|
|a Komárno
|b Vydavateľstvo KT
|c 1998
|
| 300 |
|
|
|a 16 s.
|b fotogr., mp., sch.
|c 17x12 cm
|
| 490 |
1 |
|
|a Malá vlastivedná knižnica
|v č. 115
|
| 500 |
|
|
|a Údaje o zodp. doplnené z textu
|
| 500 |
|
|
|a 1000 výt.
|
| 504 |
|
|
|a Obsahuje bibliogr. s. 16, biogr. údaje
|
| 650 |
0 |
7 |
|a dejiny obcí
|2 SNKPH
|9 164834
|
| 651 |
|
7 |
|a Čechynce (Slovensko)
|2 SNKPHgeo
|9 116049
|
| 655 |
|
7 |
|a informačné publikácie
|2 SNK
|9 70181
|
| 700 |
1 |
|
|a Reško, Alexander
|4 aui
|9 12942
|
| 700 |
1 |
|
|a Száraz, Vendelín
|4 aui
|9 427288
|
| 700 |
1 |
|
|a Szénássy, Árpád,
|d 1953-2005
|4 pht
|9 9179
|
| 830 |
|
0 |
|a Malá vlastivedná knižnica
|9 276523
|
| 919 |
|
|
|a 80-8056-109-5
|
| 958 |
|
|
|a TL
|
| 958 |
|
|
|a BQ
|
| 958 |
|
|
|a BX
|
| 999 |
|
|
|c 810821
|d 812751
|
| 952 |
|
|
|t P60, <03>, [BOOK], {603}
|a SNK
|b SNK
|y PREZ
|7 0
|p 17A0253889
|o snkOSD 8404
|i snkKSP 10724/2000
|0 0
|1 0
|4 0
|d 2000-10-18
|l 0
|r 2005-01-02 00:00:00
|w 2026-02-24
|
| 952 |
|
|
|t P60, <04>, [BOOK], {604}
|a SNK
|b SNK
|y VYP
|7 0
|p 17A0253890
|o snkOSD 8404 D1
|i snkKSP 10725/2000
|0 0
|1 0
|4 0
|d 2000-10-18
|l 0
|r 2005-01-02 00:00:00
|w 2026-02-24
|